| 000 | 00721nam a2200289Ia 4500 | ||
|---|---|---|---|
| 008 | 181129s9999 xx 000 0 und d | ||
| 020 | _a078073003990 | ||
| 050 | _bF683 2003 | ||
| 100 | _aFontes, Justine Korman | ||
| 245 | 4 | _aThe easter cub / | |
| 245 | 0 | _cby Justine Korman Fontes ; illustrated by Lucinda McQueen. | |
| 260 | _aNew York, NY : | ||
| 260 | _bScholastic, | ||
| 260 | _c2003 | ||
| 300 | _aunpaged : | ||
| 300 | _bcolor illustrations ; | ||
| 300 | _c23cm. | ||
| 440 | _aHello reader level 2. | ||
| 500 | _a330L | ||
| 650 | _aBears. | ||
| 650 | _aEaster stories. | ||
| 650 | _aEaster. | ||
| 650 | _aSpring. | ||
| 700 | _aMcQueen, Lucinda. | ||
| 700 | _aSeries. | ||
| 700 | _aTitle. | ||
| 999 |
_c360015 _d360015 |
||